[Event "26. Torneo Collado Villalba"]
[Site "Collado Villalba ESP"]
[Date "2009.08.28"]
[Round "8.23"]
[White "Giese, Reinhard"]
[Black "Erice Alonso, Santiago"]
[Result "0-1"]
[WhiteElo "2200"]
[BlackElo "2068"]
[PlyCount "84"]
[EventDate "2009.08.21"]
[EventType "swiss"]
[EventRounds "9"]
[EventCountry "ESP"]
[Source "lmi"]
[SourceDate "2009.08.21"]

1. d4 d5 2. c4 c6 3. Bf4 Nf6 4. e3 Bf5 5. Nd2 e6 6. Qb3 Qb6 7. c5 Qxb3 8. axb3
Nbd7 9. Be2 Be7 10. b4 O-O 11. h3 Rfc8 12. Nb3 Bd8 13. Na5 Bxa5 14. Rxa5 Be4
15. Nf3 Bxf3 16. gxf3 a6 17. Kd2 Re8 18. Bd6 e5 19. Rha1 exd4 20. exd4 Rac8 21.
Bxa6 bxa6 22. Rxa6 Re6 23. Ra8 Ree8 24. Rxc8 Rxc8 25. b5 cxb5 26. Ra7 Nf8 27.
Rb7 Ne6 28. Kd3 Ne8 29. Bg3 N8c7 30. Kc3 f5 31. Be5 g6 32. Kb4 Kf8 33. Rxb5
Nxb5 34. Kxb5 Ke8 35. c6 Nd8 36. c7 Nf7 37. Bg3 Kd7 38. Kc5 g5 39. f4 Rxc7+ 40.
Kxd5 Rb7 41. fxg5 Nxg5 42. Ke5 Rb5+ 0-1

[Event "26. Torneo Collado Villalba"]
[Site "Collado Villalba ESP"]
[Date "2009.08.28"]
[Round "8.24"]
[White "Herrero Corada, Jose Ignacio"]
[Black "Prada Lopez, Miguel Angel"]
[Result "0-1"]
[WhiteElo "1944"]
[BlackElo "2151"]
[PlyCount "46"]
[EventDate "2009.08.21"]
[EventType "swiss"]
[EventRounds "9"]
[EventCountry "ESP"]
[Source "lmi"]
[SourceDate "2009.08.21"]

1. e4 c5 2. d4 cxd4 3. Nf3 d6 4. c3 dxc3 5. Nxc3 Nc6 6. Bc4 a6 7. O-O Nf6 8.
Qe2 Bg4 9. Rd1 e6 10. Bf4 Qb8 11. Qd2 Bxf3 12. gxf3 Ne5 13. Bxe5 dxe5 14. Nb5
Be7 15. Nd6+ Bxd6 16. Qxd6 Qxd6 17. Rxd6 Rc8 18. Bb3 Ke7 19. Rb6 Rc7 20. Ba4
Rd8 21. Re1 Rd4 22. b4 Rd2 23. b5 a5 0-1

[Event "26. Torneo Collado Villalba"]
[Site "Collado Villalba ESP"]
[Date "2009.08.28"]
[Round "8.25"]
[White "Nieto De La Cruz, Julio"]
[Black "Esquivias Gomez, Francisco J"]
[Result "1-0"]
[WhiteElo "2132"]
[BlackElo "2009"]
[PlyCount "157"]
[EventDate "2009.08.21"]
[EventType "swiss"]
[EventRounds "9"]
[EventCountry "ESP"]
[Source "lmi"]
[SourceDate "2009.08.21"]

1. d4 d5 2. c4 e6 3. Nc3 Nf6 4. Bg5 Be7 5. cxd5 exd5 6. e3 O-O 7. Bd3 Nbd7 8.
Qc2 Re8 9. Nge2 c6 10. O-O Nf8 11. Rab1 Ne4 12. Bf4 Nxc3 13. Nxc3 Bd6 14. Bxd6
Qxd6 15. b4 Re6 16. Ne2 Rh6 17. Ng3 Qf6 18. Rfc1 Qh4 19. Nf1 Ne6 20. f4 a6 21.
a4 g5 22. g3 Qh5 23. Qe2 Qh3 24. Qg2 Qh5 25. g4 Qh4 26. f5 Ng7 27. Nd2 Qh3 28.
Nf3 Qxg2+ 29. Kxg2 Rf6 30. Nxg5 h5 31. h3 Rh6 32. e4 f6 33. Nf3 hxg4 34. hxg4
dxe4 35. Bxe4 Ne8 36. Nd2 Nd6 37. Bf3 Bd7 38. Ne4 Nxe4 39. Bxe4 Re8 40. Bf3 Kf8
41. Rh1 Rxh1 42. Rxh1 Kg7 43. Kf2 Re7 44. a5 Be8 45. d5 cxd5 46. Bxd5 Bb5 47.
Bf3 Rc7 48. Rb1 Bd3 49. Rb2 Bb5 50. Be4 Rc4 51. Bxb7 Rxg4 52. Ke3 Kf8 53. Be4
Rg3+ 54. Kd4 Rg4 55. Rc2 Rf4 56. Rc8+ Ke7 57. Rc7+ Kd8 58. Rc1 Kd7 59. Ke3 Rh4
60. Rd1+ Ke7 61. Rg1 Kd6 62. Re1 Ke7 63. Rc1 Kd6 64. Kd4 Bd7 65. Rc5 Rh2 66.
Bd3 Rh4+ 67. Kc3 Rh3 68. Kd2 Rh2+ 69. Kc1 Rh4 70. Rc4 Rxc4+ 71. Bxc4 Bc8 72.
Kd2 Bb7 73. Kc3 Bc8 74. Kd4 Bxf5 75. Bxa6 Kc7 76. Bd3 Bc8 77. b5 Kb8 78. Kc5 f5
79. a6 1-0

[Event "26. Torneo Collado Villalba"]
[Site "Collado Villalba ESP"]
[Date "2009.08.28"]
[Round "8.26"]
[White "Gal, Eugen"]
[Black "Martin Martin, Luis Vicente"]
[Result "0-1"]
[WhiteElo "1981"]
[BlackElo "2095"]
[PlyCount "92"]
[EventDate "2009.08.21"]
[EventType "swiss"]
[EventRounds "9"]
[EventCountry "ESP"]
[Source "lmi"]
[SourceDate "2009.08.21"]

1. e4 e6 2. d4 d5 3. exd5 exd5 4. Bd3 c5 5. c3 Nc6 6. dxc5 Bxc5 7. Ne2 Nf6 8.
O-O O-O 9. Bg5 Bg4 10. Qc2 h6 11. Bxf6 Qxf6 12. Nd2 Ne5 13. Nb3 Bd6 14. f3 Bd7
15. Rad1 Rad8 16. Ned4 Rfe8 17. Bb5 Nc6 18. Rfe1 Bxh2+ 19. Kxh2 Qh4+ 20. Kg1
Rxe1+ 21. Rxe1 Qxe1+ 22. Kh2 Qh4+ 23. Kg1 Re8 24. Bf1 Qf4 25. Be2 Ne5 26. Nc5
b6 27. Nxd7 Nxd7 28. Bb5 Re1+ 29. Kf2 Qe3+ 30. Kg3 Nf6 31. Qf5 Qg5+ 32. Qxg5
hxg5 33. a4 Rb1 34. b4 Rc1 35. Ne2 Rc2 36. Kf2 Kf8 37. Ke3 Ke7 38. g4 g6 39. a5
bxa5 40. bxa5 Ra2 41. a6 Nd7 42. Kd4 Kd6 43. Nc1 Rd2+ 44. Nd3 Nc5 45. Ke3 Rc2
46. Kd4 Ne6+ 0-1

[Event "26. Torneo Collado Villalba"]
[Site "Collado Villalba ESP"]
[Date "2009.08.28"]
[Round "8.27"]
[White "Ponce Lopez, Miguel"]
[Black "Rodriguez Aguilera, Aurelio"]
[Result "1/2-1/2"]
[WhiteElo "2185"]
[BlackElo "1967"]
[PlyCount "42"]
[EventDate "2009.08.21"]
[EventType "swiss"]
[EventRounds "9"]
[EventCountry "ESP"]
[Source "lmi"]
[SourceDate "2009.08.21"]

1. e4 d5 2. exd5 Qxd5 3. Nc3 Qa5 4. d4 c6 5. Nf3 Bf5 6. Bc4 e6 7. O-O Nf6 8.
Bf4 Be7 9. a3 Nbd7 10. Qe2 O-O 11. Rfe1 Rfe8 12. Ne5 Nxe5 13. Bxe5 Qd8 14. Rad1
Bd6 15. Bd3 Bxd3 16. Rxd3 Nd5 17. Qg4 Nf6 18. Qg3 Nh5 19. Qg4 Nf6 20. Qg5 h6
21. Qg3 Nh5 1/2-1/2

[Event "26. Torneo Collado Villalba"]
[Site "Collado Villalba ESP"]
[Date "2009.08.28"]
[Round "8.29"]
[White "Baeza Escudero, Javier"]
[Black "Luna Hermoso, Angel"]
[Result "1-0"]
[WhiteElo "1946"]
[BlackElo "2115"]
[PlyCount "47"]
[EventDate "2009.08.21"]
[EventType "swiss"]
[EventRounds "9"]
[EventCountry "ESP"]
[Source "lmi"]
[SourceDate "2009.08.21"]

1. e4 e5 2. Nf3 Nc6 3. d4 exd4 4. Nxd4 Bc5 5. Be3 Qf6 6. c3 Nge7 7. Bc4 Ne5 8.
Be2 d6 9. O-O Qg6 10. f3 O-O 11. a4 a6 12. Na3 f5 13. exf5 Nxf5 14. Nxf5 Bxf5
15. Bxc5 dxc5 16. Qd5+ Qe6 17. Qxc5 b6 18. Qe3 Rae8 19. Rae1 Kh8 20. Bxa6 Rf6
21. f4 Nd3 22. Qxe6 Rfxe6 23. Rxe6 Rxe6 24. Rd1 1-0

[Event "26. Torneo Collado Villalba"]
[Site "Collado Villalba ESP"]
[Date "2009.08.28"]
[Round "8.30"]
[White "Nunez Reiz, Antonio"]
[Black "Perez Cameselle, Francisco"]
[Result "1-0"]
[WhiteElo "2110"]
[BlackElo "1958"]
[PlyCount "71"]
[EventDate "2009.08.21"]
[EventType "swiss"]
[EventRounds "9"]
[EventCountry "ESP"]
[Source "lmi"]
[SourceDate "2009.08.21"]

1. e4 e6 2. d4 d5 3. Nd2 dxe4 4. Nxe4 Nd7 5. Bd3 Ngf6 6. Nf3 c5 7. O-O cxd4 8.
Nxd4 Nxe4 9. Bxe4 Nf6 10. Bf3 Be7 11. Re1 O-O 12. Bf4 Qb6 13. Nb3 Rd8 14. Qe2
Bd7 15. Bd2 a5 16. Be3 Qc7 17. Nd4 Bc5 18. Rad1 Qb6 19. c3 e5 20. Nb3 Bxe3 21.
Qxe3 Qxe3 22. Rxe3 Bc6 23. Rxd8+ Rxd8 24. Rxe5 Bxf3 25. gxf3 Rd1+ 26. Kg2 a4
27. Nd4 a3 28. Ra5 Kf8 29. Rxa3 Ne8 30. Rb3 Nd6 31. Rb6 Ke7 32. a4 Kd7 33. Nb5
Nc4 34. Rxb7+ Ke6 35. Nd4+ Kf6 36. b4 1-0

[Event "26. Torneo Collado Villalba"]
[Site "Collado Villalba ESP"]
[Date "2009.08.28"]
[Round "8.31"]
[White "Medrano Del Val, Julio"]
[Black "Torres Samper, Rafael"]
[Result "0-1"]
[WhiteElo "1810"]
[BlackElo "2061"]
[PlyCount "36"]
[EventDate "2009.08.21"]
[EventType "swiss"]
[EventRounds "9"]
[EventCountry "ESP"]
[Source "lmi"]
[SourceDate "2009.08.21"]

1. d4 Nf6 2. Nf3 e6 3. a3 c5 4. g3 cxd4 5. Nxd4 Nc6 6. Bg2 Bc5 7. c3 O-O 8. O-O
d5 9. e3 e5 10. b4 Bb6 11. Ne2 Bg4 12. Bb2 Qd7 13. Re1 Bh3 14. Bh1 Qf5 15. Bg2
Ng4 16. Rf1 Qh5 17. Bxd5 Bxf1 18. Kxf1 Qf5 0-1

[Event "26. Torneo Collado Villalba"]
[Site "Collado Villalba ESP"]
[Date "2009.08.28"]
[Round "8.32"]
[White "Arias Castanedo, Jacinto"]
[Black "Laynez Aspenberg, Jose"]
[Result "1/2-1/2"]
[WhiteElo "2023"]
[BlackElo "1932"]
[PlyCount "80"]
[EventDate "2009.08.21"]
[EventType "swiss"]
[EventRounds "9"]
[EventCountry "ESP"]
[Source "lmi"]
[SourceDate "2009.08.21"]

1. d4 Nf6 2. Nf3 c5 3. e3 g6 4. c4 Bg7 5. Nc3 O-O 6. Be2 cxd4 7. exd4 d5 8. O-O
Nc6 9. Re1 dxc4 10. Bxc4 Bf5 11. a3 e6 12. h3 h5 13. Bf4 Nd5 14. Bg3 Nb6 15. d5
Nxc4 16. dxc6 Qxd1 17. Nxd1 bxc6 18. Rc1 Nxb2 19. Rxc6 Nxd1 20. Rxd1 Be4 21.
Ra6 Bd5 22. Rc1 Bxf3 23. gxf3 Bd4 24. Rc4 Bb6 25. Bd6 Rfc8 26. Raa4 Kg7 27. Kg2
Rxc4 28. Rxc4 Rd8 29. Rc6 Rd7 30. f4 Bd4 31. Kf3 Kf6 32. Ke2 Rb7 33. Rc4 Ba1
34. Rc1 Bd4 35. Rc4 Bb2 36. Rc2 Rb3 37. a4 e5 38. Kf1 exf4 39. Bxf4 Be5 40. Be3
a5 1/2-1/2

[Event "26. Torneo Collado Villalba"]
[Site "Collado Villalba ESP"]
[Date "2009.08.28"]
[Round "8.33"]
[White "Benitez Cadenas, Luis Miguel"]
[Black "Zanoletty Garcia, David"]
[Result "0-1"]
[WhiteElo "1754"]
[BlackElo "2014"]
[PlyCount "74"]
[EventDate "2009.08.21"]
[EventType "swiss"]
[EventRounds "9"]
[EventCountry "ESP"]
[Source "lmi"]
[SourceDate "2009.08.21"]

1. d4 d5 2. c4 e6 3. Nc3 Be7 4. Bf4 c6 5. e3 Nf6 6. Nf3 O-O 7. c5 Nbd7 8. b4
Nh5 9. Bd3 Nxf4 10. exf4 Re8 11. O-O Nf8 12. b5 cxb5 13. Bxb5 Bd7 14. Qa4 Qc7
15. Ne5 Red8 16. Bxd7 Nxd7 17. Nb5 Qb8 18. Rfc1 a6 19. Nc3 Nxe5 20. fxe5 f6 21.
f4 g5 22. Ne2 Qc7 23. Rab1 Qd7 24. Qxd7 Rxd7 25. c6 bxc6 26. Rxc6 gxf4 27. Rxe6
fxe5 28. Rxe5 Rf8 29. Rf1 Bf6 30. Re6 Rb7 31. Rxa6 Rb2 32. Re1 Bh4 33. g3 f3
34. gxh4 f2+ 35. Kf1 fxe1=Q+ 36. Kxe1 Re8 37. Ra7 Rexe2+ 0-1

[Event "26. Torneo Collado Villalba"]
[Site "Collado Villalba ESP"]
[Date "2009.08.28"]
[Round "8.34"]
[White "Serrano Nunez, Dario"]
[Black "Franco Rincon, David"]
[Result "1/2-1/2"]
[WhiteElo "1997"]
[BlackElo "1787"]
[PlyCount "40"]
[EventDate "2009.08.21"]
[EventType "swiss"]
[EventRounds "9"]
[EventCountry "ESP"]
[Source "lmi"]
[SourceDate "2009.08.21"]

1. e4 e5 2. Nf3 Nc6 3. Bb5 a6 4. Ba4 d6 5. c3 Bd7 6. O-O g6 7. d4 Bg7 8. Bg5 f6
9. Be3 Nh6 10. h3 Nf7 11. Nbd2 O-O 12. Bb3 Kh8 13. Qe2 f5 14. dxe5 Nfxe5 15.
Nxe5 Nxe5 16. f4 Nc6 17. Qf2 Qf6 18. exf5 Bxf5 19. Nf3 Rae8 20. Nd4 Bd7 1/2-1/2

[Event "26. Torneo Collado Villalba"]
[Site "Collado Villalba ESP"]
[Date "2009.08.28"]
[Round "8.40"]
[White "Ananian, Arman"]
[Black "Prieto Velasco, Rafael"]
[Result "1/2-1/2"]
[WhiteElo "1790"]
[BlackElo "1727"]
[PlyCount "82"]
[EventDate "2009.08.21"]
[EventType "swiss"]
[EventRounds "9"]
[EventCountry "ESP"]
[Source "lmi"]
[SourceDate "2009.08.21"]

1. e4 e6 2. d4 d5 3. Nc3 Bb4 4. e5 c5 5. Qg4 Ne7 6. a3 Bxc3+ 7. bxc3 Qc7 8. Be3
cxd4 9. Bxd4 Bd7 10. Bd3 Nbc6 11. Nf3 Nxd4 12. Qxd4 Nc6 13. Qe3 O-O-O 14. O-O
Kb8 15. Rfb1 f6 16. Ba6 b6 17. exf6 gxf6 18. a4 Na5 19. Nd4 e5 20. Nb3 Nc4 21.
Bxc4 dxc4 22. Nc5 Qc6 23. a5 Rhg8 24. f3 b5 25. a6 Bh3 26. g3 h5 27. Qe4 Qxc5+
28. Kh1 Rg7 29. Ra5 Qb6 30. Raxb5 Rd1+ 31. Rxd1 Qxb5 32. Qh4 Rd7 33. Re1 Bf5
34. Qxf6 Bh3 35. Qh8+ Kc7 36. Qxh5 Be6 37. Qg5 Rd5 38. Qe7+ Qd7 39. Qb4 Rb5 40.
Qf8 Qd5 41. Qe7+ Qd7 1/2-1/2

[Event "26. Torneo Collado Villalba"]
[Site "Collado Villalba ESP"]
[Date "2009.08.28"]
[Round "8.41"]
[White "Guisado Gomez, Francisco"]
[Black "Cano Mercado, Francisco Manuel"]
[Result "0-1"]
[WhiteElo "1799"]
[BlackElo "1920"]
[PlyCount "60"]
[EventDate "2009.08.21"]
[EventType "swiss"]
[EventRounds "9"]
[EventCountry "ESP"]
[Source "lmi"]
[SourceDate "2009.08.21"]

1. d4 Nf6 2. c4 e6 3. Nc3 Bb4 4. f3 O-O 5. e4 c5 6. d5 exd5 7. cxd5 d6 8. Nge2
Nbd7 9. Ng3 Ne5 10. Be2 Re8 11. O-O a6 12. a3 Ba5 13. Bg5 h6 14. Be3 b5 15. b4
cxb4 16. axb4 Bb6 17. Bd4 Bb7 18. Kh1 Rc8 19. Nf5 Nc4 20. Bxc4 Rxc4 21. g4 Bxd4
22. Nxd4 Rxc3 23. g5 hxg5 24. Qd2 Rc4 25. Rg1 Re5 26. Nf5 Rxf5 27. exf5 Bxd5
28. Rxg5 Bxf3+ 29. Kg1 Ne4 30. Rxg7+ Kxg7 0-1

[Event "26. Torneo Collado Villalba"]
[Site "Collado Villalba ESP"]
[Date "2009.08.28"]
[Round "8.43"]
[White "Rodriguez Fenoy, Inmaculada"]
[Black "Gonzalo Gonzalez, Francisco"]
[Result "1-0"]
[WhiteElo "1707"]
[BlackElo "1853"]
[PlyCount "85"]
[EventDate "2009.08.21"]
[EventType "swiss"]
[EventRounds "9"]
[EventCountry "ESP"]
[Source "lmi"]
[SourceDate "2009.08.21"]

1. d4 e5 2. dxe5 Nc6 3. Nf3 Qe7 4. a3 Nxe5 5. e3 b6 6. Nc3 Bb7 7. Nd5 Nxf3+ 8.
gxf3 Qe5 9. e4 g5 10. Bh3 O-O-O 11. Be3 Bg7 12. Nc3 h5 13. Bf5 f6 14. Qe2 Ne7
15. Bh3 Kb8 16. O-O-O d6 17. Bd4 Qa5 18. Qd2 Nc6 19. Nd5 Nxd4 20. Qxd4 Rhg8 21.
Bf5 c6 22. Nc3 Rge8 23. Rhe1 Re5 24. Re2 b5 25. Red2 c5 26. Qe3 Bf8 27. Nd5
Bxd5 28. Rxd5 Qc7 29. Qd2 Be7 30. Qd3 a6 31. Qe2 Rh8 32. a4 Qa5 33. axb5 axb5
34. Bd7 c4 35. Qe3 Kb7 36. Qd4 Kc7 37. Rxd6 Kb7 38. Rd5 Bb4 39. c3 Be7 40. Rxe5
fxe5 41. Qd5+ Ka7 42. Qc6 Rb8 43. Bc8 1-0